000 00509nam a22001457a 4500
999 _c529883
_d529883
082 _a624.1
100 _aJANJUA, SHAHMIR
245 _aEconomic sustainability in the construction industry of Pakistan /
_cSHAHMIR JANJUA
260 _aIslamabad:
_bNIT - SCEE - NUST,
_c2012.
300 _a80p.
_c30cm.
942 _2ddc
_cTHE
650 _aConstruction Engineering and Management - MS Thesis.
_917023
700 _aSup: Dr. Hamza Farooq Gabriel.
_922897